Statistics for Celtic Best Scorer By Year

Click here to take the quiz!

General Stats

  • This quiz has been taken 213 times
    (64 since last reset)
  • The average score is 15 of 45

Answer Stats

Player% Correct
Henrik Larsson
92%
Odsonne Édouard
67%
Kyogo Furuhashi
65%
Leigh Griffiths
65%
Gary Hooper
54%
John Hartson
54%
Scott Sinclair
52%
Giorgos Giakoumakis
50%
Kenny Dalglish
46%
Bobby Lennox
44%
Kris Commons
40%
Robbie Keane
40%
Scott McDonald
40%
Jan Vennegoor of Hesselink
38%
Mark Viduka
38%
Charlie Nicholas
37%
Jorge Cadete
35%
Stevie Chalmers
35%
Pierre van Hooijdonk
33%
Andy Walker
27%
Brian McClair
27%
Mark McGhee
27%
Bobby Collins
25%
Dixie Deans
25%
Frank McGarvey
25%
John Collins
25%
Tommy Coyne
25%
Willie Wallace
25%
George McCluskey
23%
Harry Hood
23%
Joe McBride
19%
John Hughes
19%
Neil Mochan
19%
Andy Payton
17%
Bertie Peacock
17%
Bobby Craig
17%
Dariusz Dziekanowski
17%
Jóhannes Eðvaldsson
17%
Pat McGinlay
17%
Ronnie Glavin
17%
Sammy Wilson
17%
Jimmy Walsh
15%
Tom McAdam
15%
John Colrain
13%
John Divers
6%

Score Distribution

Percentile by Number Answered

Percent of People with Each Score

Your Score History

You have not taken this quiz since the last reset